000 00709nam a22002057a 4500
005 20241028112949.0
010 _aENG-142455
020 _a9788194720355
_c499.00
035 _aEN-125987
037 _bDBAD
082 _a305.562
_21
245 _aDr. B. R. Ambedkar Ideology:
_cEdited by Vinod Kumar Cherukuri and Punya Shailaja
_bSustainable Development in India/
250 _a1
260 _bDesh Vikas Publications
_c2021
_aAndhra Pradesh
270 _aD. No. 1-43-19, Adarsha Nagar, Peda Waltair, Vishkhapatnam,
300 _a208p.
_c23cm(pb)
700 _aEdited by Cherukuri, Vinod Kumar
_973533
700 _aEdited by Shailaja, Punya
_973534
942 _2ddc
_cEN
_h305.562
_mBRA
999 _c206789
_d206789